Sistemas electrónicos digitales
Salvato in:
| Autori principali: | , |
|---|---|
| Natura: | Libro |
| Lingua: | spagnolo |
| Pubblicazione: |
Ciudad de México
Alfaomega
2008
|
| Edizione: | 9a. ed |
| Soggetti: | |
| Tags: |
Aggiungi Tag
Nessun Tag, puoi essere il primo ad aggiungerne!!
|
MARC
| LEADER | 00000cam a2200000 a 4500 | ||
|---|---|---|---|
| 001 | UCE5329 | ||
| 003 | CL-VaPUC | ||
| 008 | 141230e20080000mx |||||||||||||||||spa|d | ||
| 020 | |a 9789701513040 | ||
| 082 | 0 | 4 | |a 621.395 |b MAN |2 21 |
| 100 | |a Mandado Pérez, Enrique |e autor |9 577894 | ||
| 700 | 0 | |a Mandado Rodríguez, Yago |e author |9 577895 | |
| 245 | 1 | 0 | |a Sistemas electrónicos digitales |
| 250 | |a 9a. ed | ||
| 300 | |a 883 p | ||
| 942 | |c BK | ||
| 945 | |d 20141230 16:04:00 |a dcastane | ||
| 260 | |a Ciudad de México |b Alfaomega |c 2008 | ||
| 500 | |a Incluye CD | ||
| 650 | 0 | |a Electrónica digital |9 263160 | |
| 650 | 0 | |a Diseño lógico |9 262464 | |
| 650 | 0 | |a Circuitos lógicos |9 263161 | |
| 650 | 7 | |a CONVERTIDORES ANALOGICOS DIGITALES |2 CL-VaPUC |9 263575 | |
| 583 | |a last modification |c 20141230 16:04:00 |k Rodrigo Vera | ||
| 999 | |c 358076 |d 358074 | ||
| 952 | |0 0 |1 0 |2 ddc |3 erb |4 0 |6 621_395000000000000_MAN_2008 |7 0 |8 A |9 466349 |a BIBING |b BIBING |c RES |i 513143K |l 1 |o 621.395 MAN 2008 |p 513143K |r 2025-01-20 |s 2024-03-14 |w 2019-11-23 |y BK |z Catalogado en:20141230 |k CCI | ||